Hydropower Licenses and Alternative Licensing Conditions in H.R. 6.

Discusses hydropower licenses and alternative licensing conditions in H.R. 6, the Energy Policy Act of 2005. Reviews current license-conditioning process, hydroelectric relicensing legislation in the 109th Congress, and provides sources for further reading.

Bibliographic Details
Corporate Authors: Library of Congress. Congressional Research Service, ProQuest (Firm)
Format: eBook
Language:English
Published: [Place of publication not identified] : [publisher not identified], 2005.
Series:U.S. Congressional Research.
Subjects:
Online Access:Connect to the full text of this electronic book

MARC

Tag First Indicator Second Indicator Subfields
LEADER 00000cam a22000001a 4500
001 in00003296830
006 m d f
007 cr bn mmmapmmp
008 101203s2005 dcu o f000 0 eng d
005 20260430171642.6
035 |a cis2007851525 
040 |a ProQuest  |c ProQuest  |d UtOrBLW 
043 |a n-us--- 
099 |a CRS-2005-RSI-0042 
110 2 |a Library of Congress.  |b Congressional Research Service. 
245 1 0 |a Hydropower Licenses and Alternative Licensing Conditions in H.R. 6. 
264 1 |a [Place of publication not identified] :  |b [publisher not identified],  |c 2005. 
300 |a 1 online resource. 
336 |a text  |b txt  |2 rdacontent 
337 |a computer  |b c  |2 rdamedia 
338 |a online resource  |b cr  |2 rdacarrier 
500 |a Record is based on bibliographic data in ProQuest U.S. Congressional Research Digital Collection (last viewed Dec. 2010). Reuse except for individual research requires license from ProQuest, LLC. 
500 |a CRS Report. 
520 |a Discusses hydropower licenses and alternative licensing conditions in H.R. 6, the Energy Policy Act of 2005. Reviews current license-conditioning process, hydroelectric relicensing legislation in the 109th Congress, and provides sources for further reading. 
500 |a Electronic resource. 
650 0 |a Power resources  |x Law and legislation. 
650 0 |a Water-power. 
650 0 |a Licenses. 
655 7 |a Electronic books.  |2 local 
710 2 |a ProQuest (Firm) 
776 0 8 |i Microfiche version:   |a Library of Congress. Congressional Research Service.  |t Hydropower Licenses and Alternative Licensing Conditions in H.R. 6 
830 0 |a U.S. Congressional Research. 
856 4 0 |u http://proxy.library.tamu.edu/login?url=https://congressional.proquest.com/congcomp/getdoc?CRDC-ID=CRS-2005-RSI-0042  |z Connect to the full text of this electronic book  |t 0 
999 |a MARS 
999 f f |s 17887a97-7ed4-377e-8eee-6d8069ad787c  |i 5f64f257-9542-3c80-a882-1368aa6f417e  |t 0 
952 f f |a Texas A&M University  |b College Station  |c Electronic Resources  |s www_evans  |d Available Online  |t 0  |e CRS-2005-RSI-0042  |h Other scheme 
998 f f |a CRS-2005-RSI-0042  |t 0  |l Available Online